[Event "SVK-chT2D 1920"]
[Site "Slovakia"]
[Date "2019.11.16"]
[Round "3.5"]
[White "Angelovic, Adrian"]
[Black "Hennel, Karol"]
[Result "0-1"]
[WhiteElo "1834"]
[BlackElo "1982"]
[PlyCount "60"]
[EventDate "2019.10.26"]
[EventType "team-tourn"]
[EventRounds "11"]
[EventCountry "SVK"]
[SourceTitle "CBM 193 Extra"]
[Source "ChessBase"]
[SourceDate "2020.01.31"]
[SourceVersion "1"]
[SourceVersionDate "2020.01.31"]
[SourceQuality "1"]
[WhiteTeam "Bardejov BSK II"]
[BlackTeam "Kezmarok"]
[WhiteTeamCountry "SVK"]
[BlackTeamCountry "SVK"]

1. e4 e5 2. Nf3 Nc6 3. Bb5 a6 4. Ba4 Nf6 5. 0-0 b5 6. Bb3 Bb7 7. Re1 d5 8. exd5 Nxd5 9. Nxe5 Nxe5 10. Rxe5+ Be7 11. Qf3 c6 12. Nc3 Nf6 13. Qe2 Kf8 14. d4 Bd6 15. Re3 Qc7 16. h3 c5 17. dxc5 Qc6 18. Qf1 Qxc5 19. Bd2 h5 20. Rae1 Rh6 21. f4 Qf5 22. Qd3 Qc5 23. Kh1 Rg6 24. R3e2 h4 25. Qe3 Rg3 26. Qxc5 Rxh3+ 27. Kg1 Bxc5+ 28. Be3 Rxe3 29. Rxe3 Ng4 30. Nd5 Bxd5 0-1

[Event "Prague Summer op-B 6th"]
[Site "Prague"]
[Date "2019.08.09"]
[Round "9"]
[White "Angelovic, Adrian"]
[Black "Aure, Anders Nilsson"]
[Result "1/2-1/2"]
[WhiteElo "1841"]
[BlackElo "1742"]
[PlyCount "53"]
[EventDate "2019.08.02"]
[EventType "swiss"]
[EventRounds "9"]
[EventCountry "CZE"]
[SourceTitle "EXT 2020"]
[Source "ChessBase"]
[SourceDate "2019.10.17"]
[SourceVersion "1"]
[SourceVersionDate "2019.10.17"]
[SourceQuality "1"]

1. c4 e5 2. Nc3 Nc6 3. g3 f5 4. Bg2 Nf6 5. e3 Bb4 6. Nge2 0-0 7. 0-0 d6 8. a3 Bxc3 9. Nxc3 Qe8 10. d4 Qh5 11. b4 f4 12. Qxh5 Nxh5 13. d5 f3 14. Bxf3 Rxf3 15. Kg2 Rf7 16. dxc6 bxc6 17. Rd1 a5 18. Bd2 axb4 19. axb4 Rxa1 20. Rxa1 Be6 21. Ra8+ Rf8 22. Rxf8+ Kxf8 23. c5 Nf6 24. f4 exf4 25. gxf4 Ke7 26. h3 Nd5 27. Nxd5+ 1/2-1/2

[Event "Prague Summer op-B 6th"]
[Site "Prague"]
[Date "2019.08.04"]
[Round "4"]
[White "Lee, Zhia Chen Zachary"]
[Black "Angelovic, Adrian"]
[Result "1-0"]
[WhiteElo "1747"]
[BlackElo "1841"]
[PlyCount "69"]
[EventDate "2019.08.02"]
[EventType "swiss"]
[EventRounds "9"]
[EventCountry "CZE"]
[SourceTitle "EXT 2020"]
[Source "ChessBase"]
[SourceDate "2019.10.17"]
[SourceVersion "1"]
[SourceVersionDate "2019.10.17"]
[SourceQuality "1"]

1. c4 e5 2. g3 Nf6 3. Bg2 d5 4. cxd5 Nxd5 5. Nc3 Be6 6. Nf3 Nc6 7. 0-0 Be7 8. d3 h6 9. a3 Qd7 10. Nxd5 Bxd5 11. b4 Bf6 12. Bb2 0-0-0 13. b5 Nd4 14. Bxd4 exd4 15. Qa4 Kb8 16. Rab1 c5 17. bxc6 Bxc6 18. Qa5 Rhe8 19. Rfc1 Rc8 20. Rc2 Bd8 21. Qc5 Bf6 22. Qa5 Ka8 23. Rcb2 Bd8 24. Qb4 Bb6 25. a4 Bd5 26. Ne1 Bxg2 27. Kxg2 Bc5 28. Qxb7+ Qxb7+ 29. Rxb7 Rxe2 30. Rxf7 Rb8 31. Rc1 Bb6 32. Nf3 Ra2 33. Rc4 Ra3 34. Nxd4 Rxd3 35. Nc6 1-0

[Event "SVK-ch U18/20"]
[Site "Liptovsky Mikulas"]
[Date "2019.04.23"]
[Round "1"]
[White "Angelovic, Adrian"]
[Black "Varga, Lukas"]
[Result "1/2-1/2"]
[WhiteElo "1827"]
[BlackElo "2001"]
[PlyCount "115"]
[EventDate "2019.04.23"]
[EventType "swiss"]
[EventRounds "9"]
[EventCountry "SVK"]
[SourceTitle "CBM 190 Extra"]
[Source "ChessBase"]
[SourceDate "2019.07.15"]
[SourceVersion "1"]
[SourceVersionDate "2019.07.15"]
[SourceQuality "1"]

1. c4 c5 2. Nc3 g6 3. g3 Bg7 4. Bg2 Nc6 5. Nf3 d6 6. 0-0 Nh6 7. d3 Nf5 8. Rb1 h5 9. Bd2 h4 10. e4 Nfd4 11. Nxh4 e5 12. Bh1 g5 13. Ng2 Qd7 14. Bxg5 Qg4 15. Qxg4 Bxg4 16. Ne3 Bf3 17. Nf5 Bf8 18. Rfe1 Bxh1 19. Kxh1 Nf3 20. Bh4 Nxe1 21. Rxe1 Nd4 22. Nxd4 cxd4 23. Nd5 Kd7 24. a4 Bg7 25. Rf1 Raf8 26. Be7 Re8 27. Bf6 Reg8 28. f4 Ke6 29. fxe5 dxe5 30. Kg2 Rh6 31. Bg5 Rg6 32. Bd2 f6 33. Be1 Bf8 34. h3 Be7 35. g4 Bd8 36. b4 Rf8 37. b5 b6 38. Bb4 Rf7 39. Bd2 Be7 40. Rf5 Bc5 41. Rh5 a6 42. Rh8 axb5 43. axb5 Ra7 44. Bb4 Bxb4 45. Nxb4 Ra3 46. Rb8 Rb3 47. Rxb6+ Kd7 48. Nd5 Rxd3 49. Nxf6+ Kd8 50. c5 Rd2+ 51. Kg3 Rc2 52. Rd6+ Kc8 53. Rc6+ Kb7 54. h4 d3 55. Kf3 Rh2 56. h5 d2 57. Rb6+ Kc8 58. Rc6+ 1/2-1/2

[Event "SVK-chT2D 1819"]
[Site "Slovakia"]
[Date "2019.03.03"]
[Round "9.7"]
[White "Angelovic, Adrian"]
[Black "Nandrazi, Dominik"]
[Result "1-0"]
[WhiteElo "1790"]
[BlackElo "1928"]
[PlyCount "131"]
[EventDate "2018.10.13"]
[EventType "team-tourn"]
[EventRounds "11"]
[EventCountry "SVK"]
[SourceTitle "CBM 189 Extra"]
[Source "ChessBase"]
[SourceDate "2019.06.03"]
[SourceVersion "1"]
[SourceVersionDate "2019.06.03"]
[SourceQuality "1"]
[WhiteTeam "Bardejov BSK II"]
[BlackTeam "Presov Tatran Dason"]
[WhiteTeamCountry "SVK"]
[BlackTeamCountry "SVK"]

1. e4 c6 2. d4 d5 3. Nc3 h6 4. exd5 cxd5 5. Bd3 Nf6 6. Nf3 Nc6 7. 0-0 Bg4 8. Bb5 e6 9. Qd3 Bf5 10. Qe2 Bd6 11. Ne5 Qc7 12. Bf4 0-0 13. Rad1 a6 14. Ba4 Rfc8 15. Rfe1 b5 16. Bb3 Na5 17. Rc1 Nc4 18. Bxc4 dxc4 19. Nd1 Rd8 20. Ne3 Bh7 21. c3 Ne4 22. Qg4 Nf6 23. Qh4 g5 24. Bxg5 Bxe5 25. Bxf6 Bxf6 26. Qxf6 Bg6 27. Ng4 Kh7 28. Re3 Rd5 29. Ne5 Qd8 30. Ng4 Rf5 31. Qxd8 Rxd8 32. Rce1 b4 33. Ne5 bxc3 34. bxc3 Rc8 35. g4 Rf4 36. h3 Bc2 37. Kg2 Rc7 38. Kg3 Rf6 39. R1e2 Bd1 40. Rd2 Ba4 41. Rb2 a5 42. h4 h5 43. f3 hxg4 44. fxg4 Rf1 45. Rf3 Rc1 46. Nxf7 Bc6 47. Ng5+ Kg6 48. Re3 Rg1+ 49. Kf4 Bd5 50. Rf2 Rb7 51. Re5 Rb6 52. Nh3 Rc1 53. Re3 a4 54. Ke5 a3 55. h5+ Kg7 56. Rf6 Rb3 57. h6+ Kg8 58. Ng5 Rb7 59. h7+ Rxh7 60. Nxh7 Kxh7 61. Rf2 Rg1 62. Kd6 Rxg4 63. Kc5 Rg7 64. Kb4 Ra7 65. Rg3 Rb7+ 66. Kxa3 1-0

[Event "SVK-chT2D 1819"]
[Site "Slovakia"]
[Date "2018.12.16"]
[Round "6.8"]
[White "Angelovic, Adrian"]
[Black "Smizansky, Jozef"]
[Result "1-0"]
[WhiteElo "1790"]
[BlackElo "1861"]
[PlyCount "75"]
[EventDate "2018.10.13"]
[EventType "team-tourn"]
[EventRounds "11"]
[EventCountry "SVK"]
[SourceTitle "CBM 189 Extra"]
[Source "ChessBase"]
[SourceDate "2019.06.03"]
[SourceVersion "1"]
[SourceVersionDate "2019.06.03"]
[SourceQuality "1"]
[WhiteTeam "Bardejov BSK II"]
[BlackTeam "Spisska Nova Ves"]
[WhiteTeamCountry "SVK"]
[BlackTeamCountry "SVK"]

1. e4 d5 2. exd5 Nf6 3. c4 e6 4. dxe6 Bxe6 5. Nc3 Nc6 6. Nf3 Bc5 7. Be2 Qe7 8. 0-0 0-0 9. d4 Rad8 10. Be3 Rfe8 11. Na4 b6 12. Nxc5 bxc5 13. d5 Bxd5 14. cxd5 Nxd5 15. Qc1 Nxe3 16. fxe3 Qxe3+ 17. Qxe3 Rxe3 18. Bb5 Nd4 19. Nxd4 cxd4 20. Rfe1 f5 21. Rad1 f4 22. Rf1 g5 23. Rf3 c5 24. Kf2 Kf7 25. g3 Rxf3+ 26. Kxf3 fxg3 27. hxg3 Ke6 28. Bc4+ Kd6 29. Kg4 h6 30. Kh5 Ke5 31. Re1+ Kf5 32. Bd3+ Kf6 33. b3 a5 34. Rf1+ Kg7 35. Rf5 Re8 36. Bc4 Re7 37. Rxc5 Re3 38. Rf5 1-0